Statistics for Egyptian Gods

Click here to take the quiz!

General Stats

  • This quiz has been taken 132 times
    (47 since last reset)
  • The average score is 11 of 24

Answer Stats

HintAnswer% Correct
Sun, CreationRa
97%
Dead, underworldOsiris
89%
MagicIsis
89%
Funerals, embalmingAnubis
83%
King of the godsAmun
78%
CatsBast
75%
Desert, storms, violenceSet
69%
WisdomThoth
64%
Wind and AirShu
47%
DwarfsBes
44%
CreationPtah
42%
LoveHathor
39%
OrderMa'at
39%
Childbirth, HipposTawaret
36%
MoonKhonsu
33%
NileHapi
33%
BaboonsBabi
33%
RiverNephthys
31%
ScorpionsSerqet
28%
VulturesNekhbet
25%
MoistureTefnut
19%
FrogsHeqet
11%
ChaosIsfet
11%
GooseGengen-wer
6%

Score Distribution

Percentile by Number Answered

Percent of People with Each Score

Your Score History

You have not taken this quiz since the last reset